| 000 | 00713nam a2200205 i 4500 | ||
|---|---|---|---|
| 001 | 24411 | ||
| 003 | ES-MaACL | ||
| 005 | 20230906153038.0 | ||
| 007 | t| | ||
| 008 | 021217s1963 sp ||||1| spa d | ||
| 245 | 0 | 0 |
_aAntología de cuentos de hoy / _cselección realizada en el Concurso Internacional convocado por los periódicos norteamericanos New York Herald Tribune y New York Universal Features. |
| 260 |
_aBarcelona : _bLabor, _c1963. |
||
| 300 |
_a559 p. ; _c25 cm. |
||
| 490 | 1 | _aGrandes antologías Labor | |
| 650 | 0 | 0 |
_aCuentos- _yS.XX. _911480 |
| 650 |
_aCuentos norteamericanos. _9156553 |
||
| 830 | 1 |
_aGrandes antologías Labor _9180912 |
|
| 852 |
_aES-MaACL _jC-23467 |
||
| 999 |
_c24411 _d24411 |
||